|
|
|
|
| LEADER |
01714nam a22004214a 4500 |
| 001 |
37873 |
| 003 |
BD-DhAAL |
| 005 |
20220227134231.0 |
| 008 |
220227t2000 nyua b 001 0 eng |
| 999 |
|
|
|c 43601
|d 43601
|
| 010 |
|
|
|a 00034601
|
| 020 |
|
|
|a 0385493231
|
| 020 |
|
|
|a 9780385493239
|
| 040 |
|
|
|a DLC
|c DLC
|d DLC
|d BD-DhAAL
|
| 042 |
|
|
|a pcc
|
| 043 |
|
|
|a n-us---
|
| 050 |
0 |
0 |
|a LB2822.82
|b .S38 2000
|
| 082 |
0 |
0 |
|a 371.2/07
|2 21
|
| 245 |
0 |
0 |
|a Schools that learn :
|b a fifth discipline fieldbook for educators, parents, and everyone who cares about education /
|c Peter Senge ... [et al.].
|
| 246 |
1 |
|
|i At bottom of t.p.:
|a Fifth discipline resource
|
| 250 |
|
|
|a 1st Currency pbk. edition
|
| 260 |
|
|
|a New York :
|b Doubleday,
|c 2000.
|
| 300 |
|
|
|a ix, 592 pages :
|b illustrations ;
|c 23 cm.
|
| 500 |
|
|
|a "A Currency book"--T.p. verso.
|
| 504 |
|
|
|a Includes bibliographical references and index.
|
| 541 |
|
|
|a Complimentary copy from BIED
|e 37873
|
| 650 |
|
0 |
|a School improvement programs
|z United States.
|9 46152
|
| 650 |
|
0 |
|a Organizational learning
|z United States.
|9 46153
|
| 700 |
1 |
|
|a Senge, Peter M.
|9 46154
|
| 700 |
1 |
|
|a Mccabe, Nelda Cambron
|9 46155
|
| 700 |
1 |
|
|a Lucas, Timothy
|9 46156
|
| 700 |
1 |
|
|a Smith, Bryan
|9 46157
|
| 700 |
1 |
|
|a Dutton, Janis
|9 46158
|
| 700 |
1 |
|
|a Kleiner, Art
|9 46159
|
| 852 |
|
|
|a Ayesha Abed Library
|c BIED Collection
|
| 856 |
4 |
2 |
|3 Contributor biographical information
|u http://www.loc.gov/catdir/bios/random052/00034601.html
|
| 942 |
|
|
|2 ddc
|c BK
|
| 952 |
|
|
|0 0
|1 0
|2 ddc
|4 0
|6 371_207000000000000_SCH
|7 0
|9 69916
|a BRACUL
|b BRACUL
|c GEN
|d 2022-02-27
|e Complimentary copy from BIED
|l 0
|o 371.207 SCH
|p 3010037873
|r 2022-02-27
|t 1
|w 2022-02-27
|y BK
|x Transferred from BIED to General Stacks
|